| 000 | 00854cam a22002654a 4500 | ||
|---|---|---|---|
| 001 | 13998000 | ||
| 003 | OSt | ||
| 005 | 20210205185528.0 | ||
| 008 | 050609s2006 maua bf 001 0 eng | ||
| 010 | _a 2005277168 | ||
| 020 | _a0763737747 | ||
| 040 |
_aDLC _cDLC _dDLC _dPHNSL |
||
| 042 | _apcc | ||
| 050 | 0 | 0 |
_aRC952.55 _b.C74 2006 |
| 082 | 0 | 0 |
_a618.97/0068 _222 |
| 100 | 1 | _aCress, Cathy. | |
| 245 | 1 | 0 |
_aHandbook of geriatric care management / _cCathy Cress. |
| 260 |
_aSudbury, MA : _bJones and Bartlett, _c2006. |
||
| 300 |
_axvi, 336 p. : _bill. ; _c27 cm. |
||
| 650 | 0 |
_aGeriatrics _vHandbooks, manuals, etc. |
|
| 650 | 0 |
_aOlder people _xMedical care _xManagement _vHandbooks, manuals, etc. |
|
| 906 |
_a7 _bcbc _corigcop _d2 _encip _f20 _gy-gencatlg |
||
| 942 |
_2lcc _cBK |
||
| 999 |
_c60 _d60 |
||